00642nam a2200181 a 450000500170000000800410001704000250005804100080008304400070009110000360009824501620013426000300029630000170032665000160034365000210035965000280038066200520040820180115171324.0140221b1990 ck ||||| |||| 00| 0 spa d aCO-BoIAVHcCO-BoIAVH aspa ack aRueda Almonacid, José Vicente10aEvaluación de la colonia nidificante de la tortuga canal (Dermochalys coriacea) en el golfo de Urabá, con especial énfasis a su biología reproductiva aBogotábInderenac1990? a17 páginas aAnidación14aTortugas marinas14aBiología reproductiva aColombiacGolfo de UrabábAntioquia y Chocó